{"text_format":"3","workbook":"xlsx","n_sheets":1,"sheets":["Foglio1"],"not_rendered":{"defined_names":1},"read":"whole","date_system":"1900"}

{"sheet":"Foglio1","index":0,"n_rows":223,"n_cols":14,"rows_kept":223,"merged":[[0,0,0,13],[1,0,1,5],[1,6,1,9],[1,10,1,13],[208,0,208,4],[208,6,208,8],[208,10,208,12],[210,6,210,11],[210,12,210,13],[211,6,211,11],[211,12,211,13],[212,6,212,9],[212,10,212,13],[213,0,213,3],[213,6,213,9],[213,10,213,13],[214,2,214,3],[215,2,215,3],[216,2,216,3],[217,2,217,3],[218,2,218,3],[219,2,219,3],[220,2,220,3],[221,2,221,3],[221,5,221,7],[221,8,221,12],[222,2,222,3]]}
["SCHEMA OFFERTA RICAMBI IVECO"]
["ELENCO RICAMBI",{"$nulls":5},"RICAMBI ORIGINALI OFFERTI",{"$nulls":3},"RICAMBI EQUIVALENTI OFFERTI"]
["Descrizione del ricambio","P.N.\nOriginale","Unità di misura","Q.tà","Prezzo unitario a base d'asta","Prezzo totale a base d'asta","Marca","P. N. ","Prezzo unitario ","Prezzo\ntotale","Marca","P. N. ","Prezzo unitario","Prezzo\ntotale"]
["ADESIVO LIMITE VELOCITA'","8191489","NR",20,7.92,{"$f":"D4*E4","v":{"v":158.4,"d":"158.40"}},{"$nulls":3},{"$f":"I4*D4","v":0},{"$nulls":3},{"$f":"M4*D4","v":0}]
["ADESIVO LIMITE VELOCITA'","8191488","NR",20,7.39,{"v":147.79999999999998,"d":"147.80"},{"$nulls":3},{"$f":"I5*D5","v":0},{"$nulls":3},{"$f":"M5*D5","v":0}]
["ALBERINO","500317471","NR",35,85.97,{"v":3008.95,"d":"3,008.95"},{"$nulls":3},{"$f":"I6*D6","v":0},{"$nulls":3},{"$f":"M6*D6","v":0}]
["ALBERO","98446827","NR",20,{"v":494.4,"d":"494.40"},{"v":9888,"d":"9,888.00"},{"$nulls":3},0,{"$nulls":3},0]
["ALBERO MOTORE","61320997","NR",5,{"v":5674.43,"d":"5,674.43"},{"v":28372.15,"d":"28,372.15"},{"$nulls":3},0,{"$nulls":3},0]
["ALTERNATORE","42575000","NR",6,{"v":3275.34,"d":"3,275.34"},{"v":19652.04,"d":"19,652.04"},{"$nulls":3},0,{"$nulls":3},0]
["ALTERNATORE","4831585","NR",6,{"v":3275.34,"d":"3,275.34"},{"v":19652.04,"d":"19,652.04"},{"$nulls":3},0,{"$nulls":3},0]
["ALTERNATORE ","98424453","NR",6,666.02,{"v":3996.12,"d":"3,996.12"},{"$nulls":3},0,{"$nulls":3},0]
["AMMORTIZZATORE","93161639","NR",4,433.73,{"$f":"D12*E12","v":{"v":1734.92,"d":"1,734.92"}},{"$nulls":3},0,{"$nulls":3},0]
["AMMORTIZZATORE","504023848","NR",4,197.29,789.16,{"$nulls":3},0,{"$nulls":3},0]
["AMMORTIZZATORE ","5006306267","NR",10,168.54,{"v":1685.3999999999999,"d":"1,685.40"},{"$nulls":3},0,{"$nulls":3},0]
["AMMORTIZZATORE","5006306266","NR",10,173.04,{"v":1730.3999999999999,"d":"1,730.40"},{"$nulls":3},0,{"$nulls":3},0]
["ANELLO","7169349","NR",48,24.05,{"v":1154.4,"d":"1,154.40"},{"$nulls":3},0,{"$nulls":3},0]
["BARRA DI REAZIONE","99431741","NR",2,290.86,581.72,{"$nulls":3},0,{"$nulls":3},0]
["BARRA STABILIZZATRICE","500340066","NR",2,586.49,{"v":1172.98,"d":"1,172.98"},{"$nulls":3},0,{"$nulls":3},0]
["BARRA STABILIZZATRICE","98489616","NR",2,719.13,{"v":1438.26,"d":"1,438.26"},{"$nulls":3},0,{"$nulls":3},0]
["BULLONE DI BIELLA","61315181","NR",3,4.03,12.09,{"$nulls":3},0,{"$nulls":3},0]
["CANNA CILINDRO","98429670","NR",18,{"v":309,"d":"309.00"},{"v":5562,"d":"5,562.00"},{"$nulls":3},0,{"$nulls":3},0]
["CARTUCCIA ESSICCATORE","2992261","NR",66,45.72,{"v":3017.52,"d":"3,017.52"},{"$nulls":3},0,{"$nulls":3},0]
["CARTUCCIA FILTRO OLIO","1903629","NR",10,33.12,{"v":331.2,"d":"331.20"},{"$nulls":3},0,{"$nulls":3},0]
["CARTUCCIA FILTRO OLIO","1902135","NR",5,21.58,{"v":107.89999999999999,"d":"107.90"},{"$nulls":3},0,{"$nulls":3},0]
["CAVALLOTTO","1236700","NR",12,15.85,{"v":190.2,"d":"190.20"},{"$nulls":3},0,{"$nulls":3},0]
["CAVO ACCELLERATORE","99483275","NR",60,197.76,{"v":11865.599999999999,"d":"11,865.60"},{"$nulls":3},0,{"$nulls":3},0]
["CELLA SOSP. PNEUMATICA","4716989","NR",30,121.72,{"v":3651.6,"d":"3,651.60"},{"$nulls":3},0,{"$nulls":3},0]
["CELLA SOSP. PNEUMATICA ","500055250","NR",10,{"v":114,"d":"114.00"},{"v":1140,"d":"1,140.00"},{"$nulls":3},0,{"$nulls":3},0]
["CERCHIO RUOTA","41270423","NR",40,562.11,{"v":22484.4,"d":"22,484.40"},{"$nulls":3},0,{"$nulls":3},0]
["CìGHIERA SCANALATA ","7169346","NR",35,85.28,{"v":2984.8,"d":"2,984.80"},{"$nulls":3},0,{"$nulls":3},0]
["CILINDRO FRENO","41006333","NR",1,927.01,927.01,{"$nulls":3},0,{"$nulls":3},0]
["CILINDRO FRENO","8169241","NR",4,552.84,{"v":2211.36,"d":"2,211.36"},{"$nulls":3},0,{"$nulls":3},0]
["CILINDRO PNEUM.","98161438","NR",2,814.64,{"v":1629.28,"d":"1,629.28"},{"$nulls":3},0,{"$nulls":3},0]
["CINGHIA ALTERNATORE","98493646","NR",13,61.24,796.12,{"$nulls":3},0,{"$nulls":3},0]
["CINGHIA DI COMANDO ","8174398","NR",120,80.34,{"v":9640.800000000001,"d":"9,640.80"},{"$nulls":3},0,{"$nulls":3},0]
["COLLARE DI FISSAGGIO","99437797","NR",36,36.52,{"v":1314.72,"d":"1,314.72"},{"$nulls":3},0,{"$nulls":3},0]
["COLLARE DI FISSAGGIO","99440119","NR",100,10.96,{"v":1096,"d":"1,096.00"},{"$nulls":3},0,{"$nulls":3},0]
["COLLETTORE SCARICO","61321103","NR",35,333.73,{"v":11680.550000000001,"d":"11,680.55"},{"$nulls":3},0,{"$nulls":3},0]
["COLLETTORE SCARICO","61321104","NR",25,292.15,{"v":7303.749999999999,"d":"7,303.75"},{"$nulls":3},0,{"$nulls":3},0]
["COPERCHIO","61318956","NR",50,231.48,{"v":11574,"d":"11,574.00"},{"$nulls":3},0,{"$nulls":3},0]
["COPERCHIO SCAMBIATORE","99431655","NR",30,265.75,{"v":7972.5,"d":"7,972.50"},{"$nulls":3},0,{"$nulls":3},0]
["COPERCHIO SCAMBIATORE","99431656","NR",28,203.38,{"v":5694.639999999999,"d":"5,694.64"},{"$nulls":3},0,{"$nulls":3},0]
["CORPO TERMOSTATO","61319248","NR",2,350.58,701.16,{"$nulls":3},0,{"$nulls":3},0]
["CORREDO","93162059","NR",2,525.87,{"v":1051.74,"d":"1,051.74"},{"$nulls":3},0,{"$nulls":3},0]
["CRISTALLO","99487259","NR",3,603.17,{"v":1809.5099999999998,"d":"1,809.51"},{"$nulls":3},0,{"$nulls":3},0]
["CUSCINETTI RUOTE","1905172","NR",1,307.89,307.89,{"$nulls":3},0,{"$nulls":3},0]
["CUSCINETTI RUOTE","7164543","NR",2,307.89,615.78,{"$nulls":3},0,{"$nulls":3},0]
["CUSCINETTO A SFERE ","274198","NR",100,16.86,{"v":1686,"d":"1,686.00"},{"$nulls":3},0,{"$nulls":3},0]
["CUSCINETTO DIFFERENZIALE","8190538","NR",2,{"v":242,"d":"242.00"},{"v":484,"d":"484.00"},{"$nulls":3},0,{"$nulls":3},0]
["DADO","93191993","NR",24,8.83,{"v":211.92000000000002,"d":"211.92"},{"$nulls":3},0,{"$nulls":3},0]
["DADO ESAGONALE","12575021","NR",100,6.56,{"v":656,"d":"656.00"},{"$nulls":3},0,{"$nulls":3},0]
["DEVIO LUCI","99445168","NR",20,367.43,{"v":7348.6,"d":"7,348.60"},{"$nulls":3},0,{"$nulls":3},0]
["DIFFERENZIALE","93194333","NR",1,{"v":4713.71,"d":"4,713.71"},{"v":4713.71,"d":"4,713.71"},{"$nulls":3},0,{"$nulls":3},0]
["DISTANZIALE","99436634","NR",28,20.13,563.64,{"$nulls":3},0,{"$nulls":3},0]
["ELETTROMAGNETE","79033664","NR",10,286.67,{"v":2866.7000000000003,"d":"2,866.70"},{"$nulls":3},0,{"$nulls":3},0]
["ELETTROVALVOLA","98490676","NR",1,{"v":1865.25,"d":"1,865.25"},{"v":1865.25,"d":"1,865.25"},{"$nulls":3},0,{"$nulls":3},0]
["ELETTROVENTILATORE","42471081","NR",2,478.68,957.36,{"$nulls":3},0,{"$nulls":3},0]
["ELETTROVENTOLA ","42471054","NR",4,{"v":859.6,"d":"859.60"},{"v":3438.4,"d":"3,438.40"},{"$nulls":3},0,{"$nulls":3},0]
["ESSICCATORE","8160475","NR",5,389.16,{"v":1945.8000000000002,"d":"1,945.80"},{"$nulls":3},0,{"$nulls":3},0]
["FANALINO","99441271","NR",10,97.76,{"v":977.6,"d":"977.60"},{"$nulls":3},0,{"$nulls":3},0]
["FANALINO","99441272","NR",2,111.81,223.62,{"$nulls":3},0,{"$nulls":3},0]
["FANALINO","99441273","NR",5,94.39,471.95,{"$nulls":3},0,{"$nulls":3},0]
["FANALINO","99441274","NR",5,99.45,497.25,{"$nulls":3},0,{"$nulls":3},0]
["FANALINO ","98460038","NR",5,71.91,{"v":359.54999999999995,"d":"359.55"},{"$nulls":3},0,{"$nulls":3},0]
["FANALINO","8124052","NR",1,11.59,11.59,{"$nulls":3},0,{"$nulls":3},0]
["FARO","4861794","NR",1,259.57,259.57,{"$nulls":3},0,{"$nulls":3},0]
["FARO","4861793","NR",2,259.57,519.14,{"$nulls":3},0,{"$nulls":3},0]
["FILTRO","1908312","NR",44,22.92,{"$f":"D68*E68","v":{"v":1008.48,"d":"1,008.48"}},{"$nulls":3},0,{"$nulls":3},0]
["FILTRO ACQUA ","1901776","NR",46,11.35,{"v":522.1,"d":"522.10"},{"$nulls":3},0,{"$nulls":3},0]
["FILTRO ARIA","2996154","NR",42,112.91,{"v":4742.22,"d":"4,742.22"},{"$nulls":3},{"$f":"I70*D70","v":0},{"$nulls":3},{"$f":"M70*D70","v":0}]
["FILTRO ARIA  ","1901902","NR",25,101.71,{"v":2542.75,"d":"2,542.75"},{"$nulls":3},0,{"$nulls":3},0]
["FILTRO AUTISTA","500343797","NR",6,49.45,{"v":296.70000000000005,"d":"296.70"},{"$nulls":3},0,{"$nulls":3},0]
["FILTRO COMBUSTIBILE","1902134","NR",44,19.29,848.76,{"$nulls":3},0,{"$nulls":3},0]
["FILTRO COMBUSTIBILE","99460566","NR",1,707.09,707.09,{"$nulls":3},0,{"$nulls":3},0]
["FILTRO GASOLIO","1908547","NR",44,32.74,{"v":1440.5600000000002,"d":"1,440.56"},{"$nulls":3},0,{"$nulls":3},0]
["FILTRO NAFTA ","1907640","NR",15,{"v":19.4,"d":"19.40"},{"v":291,"d":"291.00"},{"$nulls":3},0,{"$nulls":3},0]
["FILTRO OLIO ","2997305","NR",100,33.12,{"v":3311.9999999999995,"d":"3,312.00"},{"$nulls":3},0,{"$nulls":3},0]
["FILTRO OLIO CAMBIO","42491185","NR",10,64.62,{"v":646.2,"d":"646.20"},{"$nulls":3},0,{"$nulls":3},0]
["FILTRO OLIO CAMBIO ","42563320","NR",40,64.32,{"v":2572.7999999999997,"d":"2,572.80"},{"$nulls":3},0,{"$nulls":3},0]
["FILTRO OLIO","46805832","NR",1,{"v":13.2,"d":"13.20"},{"v":13.2,"d":"13.20"},{"$nulls":3},0,{"$nulls":3},0]
["FLESSIBILE","42535476","NR",40,55.06,{"v":2202.4,"d":"2,202.40"},{"$nulls":3},0,{"$nulls":3},0]
["GHIERA","7175135","NR",48,27.54,{"v":1321.92,"d":"1,321.92"},{"$nulls":3},0,{"$nulls":3},0]
["GIUNTO SFERICO","97486785","NR",2,64.62,129.24,{"$nulls":3},0,{"$nulls":3},0]
["GOMITO","61320861","NR",22,39.89,877.58,{"$nulls":3},0,{"$nulls":3},0]
["GOMITO DI SCARICO","61320549","NR",46,54.75,{"v":2518.5,"d":"2,518.50"},{"$nulls":3},0,{"$nulls":3},0]
["GRUPPO CANNA PISTONE ","2996899","NR",12,{"v":1069.15,"d":"1,069.15"},{"v":12829.800000000001,"d":"12,829.80"},{"$nulls":3},0,{"$nulls":3},0]
["INTERRUTTORE","42530022","NR",30,231.01,{"v":6930.299999999999,"d":"6,930.30"},{"$nulls":3},0,{"$nulls":3},0]
["INTERRUTTORE ","42535326","NR",100,52.73,{"v":5273,"d":"5,273.00"},{"$nulls":3},0,{"$nulls":3},0]
["INTERRUTTORE RICHIESTA FERMATA","4850154","NR",45,{"v":8.2,"d":"8.20"},{"v":368.99999999999994,"d":"369.00"},{"$nulls":3},0,{"$nulls":3},0]
["KIT CILINDRETTO FRENO","93161768","NR",5,383.18,{"v":1915.9,"d":"1,915.90"},{"$nulls":3},0,{"$nulls":3},0]
["KIT CILINDRO PNEUM.","8124457","NR",2,364.91,729.82,{"$nulls":3},0,{"$nulls":3},0]
["KIT COMPRESSORE ARIA","42534533","NR",1,227.12,227.12,{"$nulls":3},0,{"$nulls":3},0]
["KIT COMPRESSORE ","42560760","NR",15,679.81,{"v":10197.15,"d":"10,197.15"},{"$nulls":3},0,{"$nulls":3},0]
["KIT DISCO FRENO","93161407","NR",6,{"v":1550.64,"d":"1,550.64"},{"v":9303.84,"d":"9,303.84"},{"$nulls":3},0,{"$nulls":3},0]
["KIT GUARNIZIONE","1907849","NR",10,{"v":1752.89,"d":"1,752.89"},{"v":17528.9,"d":"17,528.90"},{"$nulls":3},0,{"$nulls":3},0]
["KIT PASTIGLIE FRENI ","42568839","NR",14,859.03,{"v":12026.42,"d":"12,026.42"},{"$nulls":3},0,{"$nulls":3},0]
["KIT PASTIGLIE FRENO","42535773","NR",4,859.03,{"v":3436.12,"d":"3,436.12"},{"$nulls":3},0,{"$nulls":3},0]
["KIT PERNO FUSO","1908632","NR",1,396.11,396.11,{"$nulls":3},0,{"$nulls":3},0]
["KIT PERNO FUSO ","1908631","NR",1,396.11,396.11,{"$nulls":3},0,{"$nulls":3},0]
["KIT SEDILE ","93162054","NR",30,351.92,{"v":10557.6,"d":"10,557.60"},{"$nulls":3},0,{"$nulls":3},0]
["KIT SEGMENTI FRENO","2992006","NR",2,551.72,{"v":1103.44,"d":"1,103.44"},{"$nulls":3},0,{"$nulls":3},0]
["KIT SMERIGLIO VALVOLE","2991692","NR",1,{"v":1161.85,"d":"1,161.85"},{"v":1161.85,"d":"1,161.85"},{"$nulls":3},0,{"$nulls":3},0]
["KIT VALVOLE","42492090","NR",35,69.68,{"v":2438.8,"d":"2,438.80"},{"$nulls":3},0,{"$nulls":3},0]
["LINGUETTA","17843520","NR",100,3.72,{"v":372,"d":"372.00"},{"$nulls":3},0,{"$nulls":3},0]
["LUCE DI INGOMBRO","99441287","NR",10,22.81,{"v":228.1,"d":"228.10"},{"$nulls":3},0,{"$nulls":3},0]
["LUCE DI INGOMBRO","99441288","NR",175,{"v":22.7,"d":"22.70"},{"v":3972.5,"d":"3,972.50"},{"$nulls":3},0,{"$nulls":3},0]
["LUCE DI INGOMBRO","99441302","NR",5,22.81,114.05,{"$nulls":3},0,{"$nulls":3},0]
["LUCE TARGA","98449391","NR",30,32.47,{"v":974.0999999999999,"d":"974.10"},{"$nulls":3},0,{"$nulls":3},0]
["LUNOTTO POSTERIORE","99488813","NR",1,{"v":1359.61,"d":"1,359.61"},{"v":1359.61,"d":"1,359.61"},{"$nulls":3},0,{"$nulls":3},0]
["MANETTINO FRENO","8137037","NR",2,173.04,346.08,{"$nulls":3},0,{"$nulls":3},0]
["MANETTINO FRENO","500303739","NR",2,173.04,346.08,{"$nulls":3},0,{"$nulls":3},0]
["MANICOTTO","61321610","NR",31,52.48,{"v":1626.8799999999999,"d":"1,626.88"},{"$nulls":3},0,{"$nulls":3},0]
["MANICOTTO ACQUA","98420627","NR",28,197.76,{"v":5537.28,"d":"5,537.28"},{"$nulls":3},0,{"$nulls":3},0]
["MANICOTTO ","61321101","NR",46,16.06,738.76,{"$nulls":3},0,{"$nulls":3},0]
["MECCANISMO","500311093","NR",20,525.87,{"v":10517.4,"d":"10,517.40"},{"$nulls":3},0,{"$nulls":3},0]
["MEMBRANA","4843220","NR",4,326.16,{"v":1304.64,"d":"1,304.64"},{"$nulls":3},0,{"$nulls":3},0]
["MOZZO PER SMORZATORE","61317126","NR",22,134.37,{"v":2956.1400000000003,"d":"2,956.14"},{"$nulls":3},0,{"$nulls":3},0]
["PARABREZZA","99487667","NR",1,{"v":2616.74,"d":"2,616.74"},{"v":2616.74,"d":"2,616.74"},{"$nulls":3},0,{"$nulls":3},0]
["PASTICCHE","42536301","NR",2,730.37,{"v":1460.74,"d":"1,460.74"},{"$nulls":3},0,{"$nulls":3},0]
["PASTIGLIE FRENO","500054632","NR",16,275.16,{"v":4402.56,"d":"4,402.56"},{"$nulls":3},0,{"$nulls":3},0]
["PATTINI FRENO","1906216","NR",2,{"v":772.5,"d":"772.50"},{"v":1545,"d":"1,545.00"},{"$nulls":3},0,{"$nulls":3},0]
["PATTINI FRENO","93161314","NR",4,807.94,{"v":3231.76,"d":"3,231.76"},{"$nulls":3},0,{"$nulls":3},0]
["PERNI TESTA CORTI","48551870","NR",35,{"v":16.6,"d":"16.60"},{"v":581,"d":"581.00"},{"$nulls":3},0,{"$nulls":3},0]
["PERNO","500317551","NR",100,21.91,{"v":2191,"d":"2,191.00"},{"$nulls":3},0,{"$nulls":3},0]
["PERNO SFERICO","18008411","NR",10,7.88,{"v":78.8,"d":"78.80"},{"$nulls":3},0,{"$nulls":3},0]
["PINZA FRENI ","42561702","NR",1,{"v":1820.32,"d":"1,820.32"},{"v":1820.32,"d":"1,820.32"},{"$nulls":3},0,{"$nulls":3},0]
["PINZA FRENI","42561701","NR",1,{"v":1820.32,"d":"1,820.32"},{"v":1820.32,"d":"1,820.32"},{"$nulls":3},0,{"$nulls":3},0]
["PINZA FRENO ","41025290","NR",1,{"v":1550.64,"d":"1,550.64"},{"v":1550.64,"d":"1,550.64"},{"$nulls":3},0,{"$nulls":3},0]
["PINZA FRENO ","41025289","NR",1,{"v":1550.64,"d":"1,550.64"},{"v":1550.64,"d":"1,550.64"},{"$nulls":3},0,{"$nulls":3},0]
["PISTONE ","2996822","NR",8,483.28,{"v":3866.24,"d":"3,866.24"},{"$nulls":3},0,{"$nulls":3},0]
["PISTONE","2996825","NR",3,636.56,{"v":1909.6799999999998,"d":"1,909.68"},{"$nulls":3},0,{"$nulls":3},0]
["POMELLO","98451148","NR",28,6.57,{"$f":"D132*E132","v":183.96},{"$nulls":3},0,{"$nulls":3},0]
["POMP.ALIM.","4795614","NR",1,226.98,226.98,{"$nulls":3},0,{"$nulls":3},0]
["POMPA ACQUA","42535615","NR",3,452.37,{"v":1357.1100000000001,"d":"1,357.11"},{"$nulls":3},{"$f":"I134*D134","v":0},{"$nulls":3},{"$f":"M134*D134","v":0}]
["POMPA ACQUA","61317100","NR",1,268.55,268.55,{"$nulls":3},0,{"$nulls":3},0]
["POMPA GASOLIO","42574297","NR",20,{"v":1074.47,"d":"1,074.47"},{"v":21489.4,"d":"21,489.40"},{"$nulls":3},0,{"$nulls":3},0]
["POMPA GASOLIO ","93192905","NR",20,{"v":978.6,"d":"978.60"},{"v":19572,"d":"19,572.00"},{"$nulls":3},0,{"$nulls":3},0]
["POMPA OLIO","4853298","NR",2,{"v":437.1,"d":"437.10"},{"v":874.2,"d":"874.20"},{"$nulls":3},0,{"$nulls":3},0]
["POMPA OLIO","61319221","NR",1,612.39,612.39,{"$nulls":3},0,{"$nulls":3},0]
["POMPA OLIO ","504128371","NR",1,599.96,599.96,{"$nulls":3},0,{"$nulls":3},0]
["PROFILO ","1903427","NR",20,11.75,{"v":235,"d":"235.00"},{"$nulls":3},0,{"$nulls":3},0]
["PULEGGIA","500317245","NR",3,230.35,691.05,{"$nulls":3},0,{"$nulls":3},0]
["PULEGGIA ","61320914","NR",20,468.65,{"v":9373,"d":"9,373.00"},{"$nulls":3},0,{"$nulls":3},0]
["PUNTONE TIRANTE","61318894","NR",4,6.79,27.16,{"$nulls":3},0,{"$nulls":3},0]
["RACCORDO ","16500511","NR",35,11.91,416.85,{"$nulls":3},0,{"$nulls":3},0]
["RADIATORE ","2997764","NR",2,{"v":3324.88,"d":"3,324.88"},{"v":6649.76,"d":"6,649.76"},{"$nulls":3},0,{"$nulls":3},0]
["RADIATORE ","42471084","NR",20,792.17,{"v":15843.4,"d":"15,843.40"},{"$nulls":3},0,{"$nulls":3},0]
["RESISTENZA ","98449381","NR",70,88.25,{"v":6177.5,"d":"6,177.50"},{"$nulls":3},0,{"$nulls":3},0]
["RIPARO","500354906","NR",35,198.44,{"v":6945.4,"d":"6,945.40"},{"$nulls":3},0,{"$nulls":3},0]
["RIVESTIMENTO","500333209","NR",1,9.28,9.28,{"$nulls":3},0,{"$nulls":3},0]
["RONDELLA","42534835","NR",100,15.12,{"v":1512,"d":"1,512.00"},{"$nulls":3},0,{"$nulls":3},0]
["RONDELLA","99436635","NR",100,0.83,{"v":83,"d":"83.00"},{"$nulls":3},0,{"$nulls":3},0]
["ROSETTA","93163319","NR",100,1.93,{"v":193,"d":"193.00"},{"$nulls":3},0,{"$nulls":3},0]
["ROSETTA ELASTICA","17800574","NR",100,0.23,{"v":23,"d":"23.00"},{"$nulls":3},0,{"$nulls":3},0]
["RUBINETTO","97498321","NR",37,{"v":61.8,"d":"61.80"},{"v":2286.6,"d":"2,286.60"},{"$nulls":3},0,{"$nulls":3},0]
["RUOTA A DISCO ","5801754223","NR",30,371.39,{"v":11141.699999999999,"d":"11,141.70"},{"$nulls":3},0,{"$nulls":3},0]
["S.PASTIGLIE FRENI","42568833","NR",6,{"v":772.5,"d":"772.50"},{"v":4635,"d":"4,635.00"},{"$nulls":3},0,{"$nulls":3},0]
["S.PATTINI FRENO","500086004","NR",4,271.06,{"v":1084.24,"d":"1,084.24"},{"$nulls":3},0,{"$nulls":3},0]
["SEDE PERNO SFERICO","18007811","NR",10,6.56,{"v":65.6,"d":"65.60"},{"$nulls":3},0,{"$nulls":3},0]
["SEMICUSCINETTI","1908950","NR",48,23.49,{"v":1127.52,"d":"1,127.52"},{"$nulls":3},0,{"$nulls":3},0]
["SERBATOIO COMPENSAZ.ACQUA","4820437","NR",25,169.28,{"v":4232,"d":"4,232.00"},{"$nulls":3},0,{"$nulls":3},0]
["SERIE ANELLI SPALLAMENTO","1902562","NR",1,60.13,60.13,{"$nulls":3},0,{"$nulls":3},0]
["SERIE BRONZINE DI BANCO ","1908947","NR",20,205.62,{"v":4112.4,"d":"4,112.40"},{"$nulls":3},0,{"$nulls":3},0]
["SERIE CANNETTE ","504342176","NR",35,268.15,{"v":9385.25,"d":"9,385.25"},{"$nulls":3},0,{"$nulls":3},0]
["SERIE CINGHIE TRAPEZ. ","500379181","NR",30,78.66,{"v":2359.7999999999997,"d":"2,359.80"},{"$nulls":3},0,{"$nulls":3},0]
["SERIE GUARNIZIONI","1908860","NR",8,{"v":1061.85,"d":"1,061.85"},{"v":8494.8,"d":"8,494.80"},{"$nulls":3},0,{"$nulls":3},0]
["SILENTBLOCK","42534897","NR",100,15.63,{"v":1563,"d":"1,563.00"},{"$nulls":3},0,{"$nulls":3},0]
["SILENTBLOCK","99432757","NR",10,77.52,{"v":775.1999999999999,"d":"775.20"},{"$nulls":3},0,{"$nulls":3},0]
["SILENTBLOCK","99431298","NR",12,87.08,{"v":1044.96,"d":"1,044.96"},{"$nulls":3},0,{"$nulls":3},0]
["SMORZATORE","2997583","NR",1,{"v":1322.54,"d":"1,322.54"},{"v":1322.54,"d":"1,322.54"},{"$nulls":3},0,{"$nulls":3},0]
["SNODO","500056188","NR",4,44.95,{"v":179.8,"d":"179.80"},{"$nulls":3},0,{"$nulls":3},0]
["SNODO","503136164","NR",3,45.06,135.18,{"$nulls":3},0,{"$nulls":3},0]
["SNODO","8198187","NR",5,45.06,{"v":225.3,"d":"225.30"},{"$nulls":3},0,{"$nulls":3},0]
["SNODO","8198188","NR",5,44.95,224.75,{"$nulls":3},0,{"$nulls":3},0]
["SONDA","42471120","NR",32,64.12,{"v":2051.84,"d":"2,051.84"},{"$nulls":3},0,{"$nulls":3},0]
["SPAZZOLA TERGI","99459864","NR",5,80.91,{"v":404.54999999999995,"d":"404.55"},{"$nulls":3},0,{"$nulls":3},0]
["SUPPORTO","504027053","NR",25,224.73,{"v":5618.25,"d":"5,618.25"},{"$nulls":3},0,{"$nulls":3},0]
["SUPPORTO","99448016","NR",24,{"v":9.6,"d":"9.60"},{"v":230.39999999999998,"d":"230.40"},{"$nulls":3},0,{"$nulls":3},0]
["TAMBURO FRENI ","7172079","NR",2,{"v":230,"d":"230.00"},{"v":460,"d":"460.00"},{"$nulls":3},0,{"$nulls":3},0]
["TAPPO","42535682","NR",70,71.91,{"v":5033.7,"d":"5,033.70"},{"$nulls":3},0,{"$nulls":3},0]
["TAPPO ","1797115","NR",2,{"v":5.8,"d":"5.80"},{"v":11.6,"d":"11.60"},{"$nulls":3},0,{"$nulls":3},0]
["TAPPO ","98479229","NR",100,10.84,{"v":1084,"d":"1,084.00"},{"$nulls":3},0,{"$nulls":3},0]
["TAPPO ","10275311","NR",28,13.49,377.72,{"$nulls":3},0,{"$nulls":3},0]
["TENDINA","500334962","NR",35,276.42,{"v":9674.7,"d":"9,674.70"},{"$nulls":3},0,{"$nulls":3},0]
["TENDINA ","500334963","NR",35,334.97,{"v":11723.95,"d":"11,723.95"},{"$nulls":3},0,{"$nulls":3},0]
["TESTA ","98493611","NR",5,34.28,{"v":171.4,"d":"171.40"},{"$nulls":3},0,{"$nulls":3},0]
["TESTA","42491957","NR",5,148.31,741.55,{"$nulls":3},0,{"$nulls":3},0]
["TESTA","4833822","NR",5,{"v":223.6,"d":"223.60"},{"v":1118,"d":"1,118.00"},{"$nulls":3},0,{"$nulls":3},0]
["TIRANTE","98493605","NR",2,72.78,145.56,{"$nulls":3},0,{"$nulls":3},0]
["TIRANTE","5801496431","NR",5,410.21,{"v":2051.0499999999997,"d":"2,051.05"},{"$nulls":3},0,{"$nulls":3},0]
["TUBAZIONE","61321220","NR",45,140.46,{"v":6320.700000000001,"d":"6,320.70"},{"$nulls":3},0,{"$nulls":3},0]
["TUBO ","98435518","NR",24,64.72,{"v":1553.28,"d":"1,553.28"},{"$nulls":3},0,{"$nulls":3},0]
["TUBO ","98480509","NR",1,129.45,129.45,{"$nulls":3},0,{"$nulls":3},0]
["TUBO ","99458846","NR",65,64.05,{"v":4163.25,"d":"4,163.25"},{"$nulls":3},0,{"$nulls":3},0]
["TUBO ","98435519","NR",39,57.66,{"v":2248.74,"d":"2,248.74"},{"$nulls":3},0,{"$nulls":3},0]
["TURBINA ","504033071","NR",1,{"v":1482.1,"d":"1,482.10"},{"$f":"D196*E196","v":{"v":1482.1,"d":"1,482.10"}},{"$nulls":3},0,{"$nulls":3},0]
["TURBINA ","3597546","NR",1,{"v":1400.53,"d":"1,400.53"},{"v":1400.53,"d":"1,400.53"},{"$nulls":3},0,{"$nulls":3},0]
["VALVOLA","61318010","NR",38,96.64,{"v":3672.32,"d":"3,672.32"},{"$nulls":3},{"$f":"I198*D198","v":0},{"$nulls":3},{"$f":"M198*D198","v":0}]
["VALVOLA ","2997860","NR",18,71.36,{"v":1284.48,"d":"1,284.48"},{"$nulls":3},0,{"$nulls":3},0]
["VALVOLA","4784695","NR",1,195.29,195.29,{"$nulls":3},0,{"$nulls":3},0]
["VALVOLA","2997859","NR",18,114.62,{"v":2063.16,"d":"2,063.16"},{"$nulls":3},0,{"$nulls":3},0]
["VALVOLA ","1908427","NR",6,54.61,{"v":327.65999999999997,"d":"327.66"},{"$nulls":3},0,{"$nulls":3},0]
["VITE","16606324","NR",100,{"v":0.6,"d":"0.60"},{"v":60,"d":"60.00"},{"$nulls":3},0,{"$nulls":3},0]
["VITE ","42532905","NR",110,{"v":9.1,"d":"9.10"},{"v":1001,"d":"1,001.00"},{"$nulls":3},0,{"$nulls":3},0]
["VITE ","8193673","NR",30,6.49,{"v":194.70000000000002,"d":"194.70"},{"$nulls":3},0,{"$nulls":3},0]
["VITE ","16599125","NR",100,{"v":2.8,"d":"2.80"},{"v":280,"d":"280.00"},{"$nulls":3},0,{"$nulls":3},0]
["VITE ","16746824","NR",100,0.95,{"v":95,"d":"95.00"},{"$nulls":3},0,{"$nulls":3},0]
["VITE TESTA ","16607634","NR",100,0.82,{"v":82,"d":"82.00"},{"$nulls":3},0,{"$nulls":3},0]
["PREZZO TOTALE LISTINO RICAMBI ",{"$nulls":4},{"$f":"SUM(F4:F208)","v":{"v":640000.0000000002,"d":"640,000.00"}},"PREZZO TOTALE RICAMBI ORIGINALI OFFERTI (A)",null,null,{"$f":"SUM(J4:J208)","v":0},"PREZZO TOTALE RICAMBI EQUIVALENTI OFFERTI (B)",null,null,{"$f":"SUM(N4:N208)","v":0}]
[]
[]
[{"$nulls":6},"PREZZO TOTALE OFFERTO (A+B) IN CIFRE     €",{"$nulls":5},{"$f":"J209+N209","v":0}]
[]
["SCONTI RICAMBI FUORI LISTINO",{"$nulls":5},"PREZZO TOTALE OFFERTO (A+B) IN LETTERE     €"]
["TIPOLOOGIA DI RICAMBI","CATEGORIA LISTINO","Sconto\nOfferto\n%"]
["ORIGINALE","P"]
["ORIGINALE","Q"]
["ORIGINALE","R"]
["ORIGINALE","S"]
["ORIGINALE","T"]
["ORIGINALE","U"]
["ORIGINALE","V",{"$nulls":3},"Data____________________________",null,null,"Timbro Ditta e firma________________________________________"]
["EQUIVALENTE"]